000 00638cam a22001814a 4500
005 20250605164405.0
008 250528s ||||||||||||||||||||||||d
035 _a24792
040 _aGR-AtMCL
_bgre
_dGR-AtMCL
_eAACR2
245 1 _aAchieving Optimal Results with Predictive Maintenance for Industrial Assets
260 _bEe Times Europe,
_c2023
300 _a63
520 _aThe Status of the AV Industry, The Ups and Downs of V2X Communication, Startups' Role in the Semiconductor Supply Chain, Exclusive Interview: Pete Warden.
700 1 _aPele Anne Francoise
_99414
942 _cCR
999 _c9639
_d9639